00670nam a2200217Ia 4500003000900000008004100009040001300050040001300063041000800076100002100084100001000105245004800115260002100163260000900184300000800193490001800201490000700219942000700226999001700233952020200250IT-RoPAU120407s9999 xx 000 0 und d aIT-RoPAU cIT-RoPAU aita aFrancesca Romana csanta aLe mirabili visioni di S. Francesca Romana. aEdizioni Paoline c1957 c cm aAmanti di Dio v14 cBK c23876d23876 00102ddc406276_800000000000000_71471aPAULUSbPAULUSd2012-04-11l0o276.8.714r2012-04-11 00:00:00w2012-04-11yBKzInserito da: Jole In data: 30 luglio 2011 fondo: Via A.Severo 56 Progr:23447